[Event "Hofheim Spring op-B 2nd"]
[Site "Hofheim"]
[Date "2014.04.24"]
[Round "4"]
[White "Beck, Michael"]
[Black "Koch, Thomas2"]
[Result "1-0"]
[WhiteElo "1938"]
[BlackElo "1832"]
[PlyCount "125"]
[EventDate "2014.04.22"]
[EventType "swiss"]
[EventRounds "9"]
[EventCountry "GER"]
[SourceTitle "CBM 160 Extra"]
[Source "ChessBase"]
[SourceDate "2014.07.01"]
[SourceVersion "1"]
[SourceVersionDate "2014.07.01"]
[SourceQuality "1"]

1. Nf3 f5 2. d4 Nf6 3. Bg5 Ne4 4. h4 d6 5. Nbd2 h6 6. Bf4 g6 7. e3 Be6 8. Bd3 Nxd2 9. Qxd2 Bg7 10. e4 c6 11. exf5 Bxf5 12. Bxf5 gxf5 13. 0-0-0 Na6 14. Rhe1 Qd7 15. h5 0-0-0 16. Nh4 Bf6 17. Ng6 Rh7 18. Bxh6 Qe8 19. f3 Qf7 20. Kb1 e5 21. g4 f4 22. g5 Nc7 23. Nxf4 Rxh6 24. gxh6 Bg5 25. Qd3 Bxf4 26. Qg6 Qxg6 27. hxg6 Bxh6 28. dxe5 dxe5 29. Rxd8+ Kxd8 30. Rxe5 Kd7 31. Rf5 Ke6 32. Rf7 Nd5 33. Rxb7 Ne7 34. Rxa7 Nxg6 35. a4 Be3 36. Rh7 Ne5 37. Rh4 Kd5 38. f4 Nd7 39. f5 Ke5 40. Rh5 Nf6 41. Rh3 Bb6 42. Rf3 c5 43. b3 Ke4 44. Rf1 Ba5 45. Kb2 Nd5 46. Rf2 Bc3+ 47. Kc1 Nf4 48. f6 Bxf6 49. a5 Bd4 50. Rh2 Kd5 51. Kd2 Kc6 52. Rh6+ Kb7 53. c3 Be5 54. Kc2 Bc7 55. a6+ Ka7 56. Rh7 Ne6 57. Re7 Kxa6 58. Rxe6+ Kb5 59. Kd3 Ba5 60. Re8 Kc6 61. Kc4 Bc7 62. Rc8 Kd7 63. Rxc7+ 1-0

[Event "Hofheim Spring op-B 2nd"]
[Site "Hofheim"]
[Date "2014.04.22"]
[Round "1"]
[White "Roht, Albert"]
[Black "Beck, Michael"]
[Result "1/2-1/2"]
[WhiteElo "1734"]
[BlackElo "1938"]
[PlyCount "54"]
[EventDate "2014.04.22"]
[EventType "swiss"]
[EventRounds "9"]
[EventCountry "GER"]
[SourceTitle "CBM 160 Extra"]
[Source "ChessBase"]
[SourceDate "2014.07.01"]
[SourceVersion "1"]
[SourceVersionDate "2014.07.01"]
[SourceQuality "1"]

1. c4 c6 2. Nf3 Nf6 3. e3 d5 4. b3 Bg4 5. Bb2 e6 6. Be2 Nbd7 7. 0-0 Bd6 8. d4 Ne4 9. Nfd2 Bxe2 10. Qxe2 Nxd2 11. Nxd2 Nf6 12. f3 Qe7 13. e4 Bb4 14. e5 Nd7 15. f4 g6 16. a3 Ba5 17. b4 Bc7 18. cxd5 cxd5 19. Rac1 Bb6 20. Nb3 0-0 21. g4 Rac8 22. f5 exf5 23. gxf5 Rxc1 24. Bxc1 Qxe5 25. Qg4 Qe4 26. Rf4 Qe1+ 27. Rf1 Qe4 1/2-1/2

[Event "Wiesbaden op 25th"]
[Site "Wiesbaden"]
[Date "2013.08.25"]
[Round "7"]
[White "Beck, Michael"]
[Black "Budde, Michael"]
[Result "1/2-1/2"]
[WhiteElo "1958"]
[BlackElo "1841"]
[PlyCount "28"]
[EventDate "2013.08.22"]
[EventType "swiss"]
[EventRounds "7"]
[EventCountry "GER"]
[SourceTitle "CBM 156 Extra"]
[Source "ChessBase"]
[SourceDate "2013.10.22"]
[SourceVersion "1"]
[SourceVersionDate "2013.10.22"]
[SourceQuality "1"]

1. Nf3 Nf6 2. c4 e6 3. g3 d5 4. Bg2 Be7 5. 0-0 0-0 6. d4 a6 7. Nbd2 Nbd7 8. Qc2 dxc4 9. Nxc4 c5 10. Rd1 Ra7 11. Bf4 b5 12. Nd6 Qb6 13. dxc5 Qxc5 14. Qb3 Qh5 1/2-1/2

[Event "Frankfurt-chA"]
[Site "Frankfurt"]
[Date "2013.06.10"]
[Round "6"]
[White "Beck, Michael"]
[Black "Zimmer, Gerald"]
[Result "1/2-1/2"]
[WhiteElo "1986"]
[BlackElo "1990"]
[PlyCount "91"]
[EventDate "2013.04.29"]
[EventType "swiss"]
[EventRounds "7"]
[EventCountry "GER"]
[SourceTitle "EXT 2014"]
[Source "ChessBase"]
[SourceDate "2013.11.20"]
[SourceVersion "1"]
[SourceVersionDate "2013.11.20"]
[SourceQuality "1"]

1. Nf3 Nf6 2. c4 e6 3. g3 d5 4. Bg2 Bd6 5. d4 c6 6. Qc2 0-0 7. Nbd2 Nbd7 8. 0-0 b6 9. e4 dxe4 10. Ng5 Bb7 11. Ndxe4 Be7 12. Rd1 h6 13. Nxf6+ Nxf6 14. Ne4 Nxe4 15. Qxe4 Qc7 16. Bf4 Bd6 17. Be5 Rad8 18. Re1 Bxe5 19. dxe5 Rd2 20. Re2 Rfd8 21. Rae1 R2d4 22. Qc2 c5 23. f4 Bxg2 24. Rxg2 Qb7 25. f5 exf5 26. Qxf5 Rd1 27. Qf1 Rxe1 28. Qxe1 Qd7 29. b3 Qd4+ 30. Kf1 Re8 31. Re2 Re6 32. Re4 Qd3+ 33. Qe2 Qxe2+ 34. Rxe2 Kh7 35. g4 Kg6 36. Kf2 f6 37. exf6 Rxe2+ 38. Kxe2 Kxf6 39. Kf3 Ke5 40. Ke3 g6 41. h4 a6 42. a3 h5 43. g5 Kf5 44. Kf3 Ke5 45. Ke3 a5 46. a4 1/2-1/2

[Event "Rhein Main op-A 15th"]
[Site "Bad Homburg"]
[Date "2012.06.08"]
[Round "4"]
[White "Toenniges, Thomas"]
[Black "Beck, Michael"]
[Result "0-1"]
[WhiteElo "2079"]
[BlackElo "1916"]
[PlyCount "62"]
[EventDate "2012.06.06"]
[EventType "swiss"]
[EventRounds "7"]
[EventCountry "GER"]
[SourceTitle "EXT 2013"]
[Source "ChessBase"]
[SourceDate "2012.11.22"]
[SourceVersion "1"]
[SourceVersionDate "2012.11.22"]
[SourceQuality "1"]

1. e4 e6 2. d4 d5 3. Nd2 Nc6 4. c3 e5 5. exd5 Qxd5 6. dxe5 Nxe5 7. Ngf3 Nd3+ 8. Bxd3 Qxd3 9. Qb3 Qa6 10. Nd4 Bd7 11. Qc4 Qxc4 12. Nxc4 0-0-0 13. Be3 c5 14. Nf3 Be6 15. Ncd2 f6 16. 0-0 b6 17. Rfe1 Bd5 18. a4 Ne7 19. a5 Nf5 20. axb6 axb6 21. Kf1 Bd6 22. c4 Bc6 23. h3 Rhe8 24. Ra3 Bb8 25. Rb3 Nxe3+ 26. fxe3 Kb7 27. Kf2 h5 28. h4 g5 29. Re2 g4 30. Ng1 Ba4 31. Ra3 Bd1 0-1

[Event "Wiesbaden op 23rd"]
[Site "Wiesbaden"]
[Date "2011.08.28"]
[Round "6"]
[White "Schmitt, Hans Walter"]
[Black "Beck, Michael"]
[Result "0-1"]
[WhiteElo "2130"]
[BlackElo "1997"]
[PlyCount "96"]
[EventDate "2011.08.25"]
[EventType "swiss"]
[EventRounds "7"]
[EventCountry "GER"]
[SourceTitle "CBM 144 Extra"]
[Source "ChessBase"]
[SourceDate "2011.10.28"]
[SourceVersion "1"]
[SourceVersionDate "2011.10.28"]
[SourceQuality "1"]

1. d4 d5 2. Nf3 Nf6 3. c4 c6 4. Nc3 e6 5. e3 Nbd7 6. Qc2 Bd6 7. Bd3 0-0 8. 0-0 dxc4 9. Bxc4 b5 10. Bd3 Bb7 11. e4 e5 12. Ne2 Qc7 13. Rd1 Rfe8 14. Bg5 Rac8 15. Rac1 a6 16. Qd2 Qb8 17. Ng3 c5 18. dxc5 Bxc5 19. h3 g6 20. Bxf6 Nxf6 21. Qg5 Re6 22. h4 h6 23. Qxh6 Bxf2+ 24. Kf1 Rxc1 25. Rxc1 Bxg3 26. Ng5 Rd6 27. h5 Qf8 28. Qxf8+ Kxf8 29. Rc7 Rd7 30. Rc3 Nxh5 31. Be2 Bf4 32. Bg4 Rd8 33. Nxf7 Kxf7 34. Rc7+ Kf6 35. Rxb7 Rd2 36. Rb6+ Kg5 37. Bf3 Rxb2 38. Rxa6 Ng3+ 39. Ke1 Rb1+ 40. Bd1 Nxe4 41. Ra3 Rb2 42. Bf3 Nf6 43. Be2 b4 44. Ra5 Ne4 45. Bd3 Nc3 46. g4 Rxa2 47. Rc5 Be3 48. Rxe5+ Kf4 0-1

[Event "Wiesbaden op 23rd"]
[Site "Wiesbaden"]
[Date "2011.08.25"]
[Round "1"]
[White "Beck, Michael"]
[Black "Werner, Dimo"]
[Result "0-1"]
[WhiteElo "1997"]
[BlackElo "2237"]
[PlyCount "112"]
[EventDate "2011.08.25"]
[EventType "swiss"]
[EventRounds "7"]
[EventCountry "GER"]
[SourceTitle "CBM 144 Extra"]
[Source "ChessBase"]
[SourceDate "2011.10.28"]
[SourceVersion "1"]
[SourceVersionDate "2011.10.28"]
[SourceQuality "1"]

1. Nf3 c5 2. c4 Nc6 3. d4 cxd4 4. Nxd4 Nf6 5. Nc3 g6 6. e4 d6 7. Be2 Bg7 8. Nc2 0-0 9. Be3 b6 10. 0-0 Bb7 11. f3 Rc8 12. Qd2 Nd7 13. Nd4 Nxd4 14. Bxd4 Bxd4+ 15. Qxd4 a5 16. Rfd1 Qc7 17. Rac1 Qc5 18. b3 Qxd4+ 19. Rxd4 Nc5 20. Rcd1 f5 21. exf5 gxf5 22. Nd5 Bxd5 23. Rxd5 Rf6 24. Bd3 Nxd3 25. R1xd3 Rc5 26. Rxc5 bxc5 27. f4 Re6 28. Kf2 Re4 29. g3 Kf7 30. Re3 Rd4 31. Ke2 a4 32. Rc3 axb3 33. axb3 e5 34. fxe5 dxe5 35. Rc1 e4 36. Ra1 Rd3 37. Ra5 Rxb3 38. Rxc5 Ke6 39. Rc6+ Ke5 40. Rh6 Kd4 41. Rd6+ Kxc4 42. Rf6 Kd4 43. Rd6+ Ke5 44. Rh6 Rb7 45. Ke3 Ra7 46. h4 Ra3+ 47. Kf2 Ra2+ 48. Kf1 Kd4 49. Rxh7 f4 50. gxf4 Ke3 51. Rb7 Kf3 52. Rb3+ e3 53. Rb1 Rh2 54. Kg1 Rg2+ 55. Kh1 e2 56. Re1 Rg4 0-1

[Event "Rheinland Pfalz op 3rd"]
[Site "Gau Algesheim"]
[Date "2011.07.29"]
[Round "2"]
[White "Beck, Michael"]
[Black "Klundt, Klaus"]
[Result "0-1"]
[WhiteElo "1997"]
[BlackElo "2377"]
[PlyCount "64"]
[EventDate "2011.07.28"]
[EventType "swiss"]
[EventRounds "7"]
[EventCountry "GER"]
[SourceTitle "EXT 2013"]
[Source "ChessBase"]
[SourceDate "2012.11.22"]
[SourceVersion "1"]
[SourceVersionDate "2012.11.22"]
[SourceQuality "1"]

1. e4 c5 2. d3 Nc6 3. g3 d5 4. Nd2 Nf6 5. Bg2 Bg4 6. Ngf3 e6 7. h3 Bh5 8. 0-0 Be7 9. Re1 h6 10. c3 0-0 11. g4 Bg6 12. e5 Nd7 13. Nf1 Qc7 14. Bf4 Qb6 15. Re2 Qa6 16. Rd2 b5 17. h4 Qa4 18. d4 Qxd1 19. Rdxd1 Rac8 20. h5 Bh7 21. Bd2 Nb6 22. Ne3 Be4 23. dxc5 Bxc5 24. b4 Be7 25. Nd4 Bxg2 26. Nxc6 Rxc6 27. Kxg2 Na4 28. Rdc1 Rfc8 29. Nd1 f6 30. f4 fxe5 31. fxe5 Rc4 32. Kg3 Bg5 0-1

[Event "GER-chT Schools WK II"]
[Site "Verden an der Aller"]
[Date "2011.05.14"]
[Round "2.1"]
[White "Beck, Michael"]
[Black "Goebel, Constantin"]
[Result "0-1"]
[WhiteElo "2013"]
[BlackElo "2148"]
[PlyCount "59"]
[EventDate "2011.05.14"]
[EventType "team-swiss"]
[EventRounds "7"]
[EventCountry "GER"]
[SourceTitle "EXT 2022"]
[Source "ChessBase"]
[SourceDate "2021.10.06"]
[SourceVersion "1"]
[SourceVersionDate "2021.10.06"]
[SourceQuality "1"]
[WhiteTeam "Ingelheim Muenster Gymn U17"]
[BlackTeam "Darmstadt Liebig Schule U17"]
[WhiteTeamCountry "GER"]
[BlackTeamCountry "GER"]

1. e4 c5 2. d3 Nc6 3. g3 g6 4. Bg2 Bg7 5. Nf3 d6 6. 0-0 e5 7. Nc3 Nge7 8. Nd2 0-0 9. Nc4 a6 10. a4 Be6 11. Nd5 f5 12. Bg5 h6 13. Bxe7 Nxe7 14. Nxe7+ Qxe7 15. Nb6 Rae8 16. exf5 gxf5 17. Bd5 Kh8 18. c3 Qg5 19. Bxe6 Rxe6 20. Qf3 e4 21. dxe4 fxe4 22. Qe3 Qh5 23. Qd2 Rf5 24. Rad1 Qh3 25. Nd5 Be5 26. Ne3 Rf8 27. Qe2 h5 28. f4 exf3 29. Rxf3 Rff6 30. Qg2 0-1

[Event "Rheinland Pfalz op 2nd"]
[Site "Schweich"]
[Date "2010.07.17"]
[Round "5"]
[White "Pflaum, Pascal"]
[Black "Beck, Michael"]
[Result "1/2-1/2"]
[WhiteElo "2110"]
[BlackElo "1908"]
[PlyCount "52"]
[EventDate "2010.07.16"]
[EventType "swiss"]
[EventRounds "7"]
[EventCountry "GER"]
[SourceTitle "EXT 2012"]
[Source "ChessBase"]
[SourceDate "2011.11.24"]
[SourceVersion "1"]
[SourceVersionDate "2011.11.24"]
[SourceQuality "1"]

1. c4 Nf6 2. Nc3 g6 3. g3 Bg7 4. Bg2 0-0 5. e4 e5 6. Nge2 d6 7. 0-0 Ne8 8. d4 Nd7 9. f4 exd4 10. Nxd4 a5 11. Be3 c6 12. f5 Ne5 13. b3 Nf6 14. h3 h5 15. Qd2 Qe7 16. Rad1 Rd8 17. fxg6 fxg6 18. Bg5 Be6 19. Nde2 Rd7 20. Rf2 Rf8 21. Nf4 Kh7 22. Nce2 Bg8 23. Qxa5 c5 24. Qd2 b6 25. Nc3 Nc6 26. Rdf1 Qd8 1/2-1/2

[Event "Rheinhessen-ch"]
[Site "Gau Algesheim"]
[Date "2010.03.29"]
[Round "3"]
[White "Werner, Dimo"]
[Black "Beck, Michael"]
[Result "1/2-1/2"]
[WhiteElo "2300"]
[BlackElo "1684"]
[PlyCount "90"]
[EventDate "2010.03.27"]
[EventType "tourn"]
[EventRounds "7"]
[EventCountry "GER"]
[SourceTitle "EXT 2012"]
[Source "ChessBase"]
[SourceDate "2011.11.24"]
[SourceVersion "1"]
[SourceVersionDate "2011.11.24"]
[SourceQuality "1"]

1. d4 Nf6 2. Nf3 g6 3. c4 Bg7 4. Nc3 d6 5. g3 0-0 6. Bg2 Nc6 7. 0-0 e5 8. h3 Re8 9. Be3 h6 10. Qd2 Kh7 11. Rfd1 Bf5 12. dxe5 dxe5 13. Nd5 Nxd5 14. cxd5 Ne7 15. Bc5 Nc8 16. g4 Bd7 17. Rac1 Nb6 18. b3 f5 19. gxf5 Bxf5 20. e4 Bxe4 21. Ng5+ Qxg5 22. Qxg5 hxg5 23. Bxe4 Nd7 24. Be3 Nf6 25. f3 Nxe4 26. fxe4 Rac8 27. Bxg5 Bh6 28. h4 Bxg5 29. hxg5 Red8 30. Rf1 Rd7 31. Rf6 Re8 32. Kg2 Kg7 33. Rh1 Rd6 34. Rxd6 cxd6 35. Rc1 Re7 36. Rc8 Rd7 37. Re8 Kf7 38. Re6 Kg7 39. Kf3 Kf7 40. Ke3 b6 41. Kd3 a6 42. Kc3 Rd8 43. Rf6+ Kg7 44. Kb4 Rd7 45. Re6 Kf7 1/2-1/2